Children's Encyclopedia of Nobel Laureates/ (Record no. 191980)

MARC details
000 -LEADER
fixed length control field 00643nam a22002057a 4500
005 - DATE AND TIME OF LATEST TRANSACTION
control field 20220908114729.0
010 ## - LCCN (DPL NO)
LC control number A-993216
020 ## - INTERNATIONAL STANDARD BOOK NUMBER
International Standard Book Number 81-209-0730-2
Terms of availability 175.00
035 ## - SYSTEM CONTROL NUMBER
System control number A-993216
082 ## - DEWEY DECIMAL CLASSIFICATION NUMBER
Classification number 920
100 ## - MAIN ENTRY--PERSONAL NAME
Personal name Murthi,R.K
245 ## - TITLE STATEMENT
Title Children's Encyclopedia of Nobel Laureates/
Statement of responsibility, etc by R.K. Murthi
Medium English
250 ## - EDITION STATEMENT
Edition statement Ed. 1st
260 ## - PUBLICATION, DISTRIBUTION, ETC. (IMPRINT)
Place of publication, distribution, etc New Delhi
Name of publisher, distributor, etc Pitambar Publishing Company (P) LTD.
270 ## - ADDRESS
Address 888, East Park Road, Karol Bagh
City New Delhi
Postal code 1100005
300 ## - PHYSICAL DESCRIPTION
Extent 52p.
Dimensions 23cm(Hbk)
Other physical details ill;
500 ## - GENERAL NOTE
General note Nobel prize winners 1901 to 1998
700 ## - ADDED ENTRY--PERSONAL NAME
Personal name Mukherjee, Swati
942 ## - ADDED ENTRY ELEMENTS (KOHA)
Source of classification or shelving scheme Dewey Decimal Classification
Item type English Books
Classification part 920
Call number suffix CHI
Holdings
Withdrawn status Lost status Not for loan Collection code Home library Current library Date acquired Cost, normal purchase price Full call number Barcode Cost, replacement price Koha item type
      Non-fiction Shahdara Branch Shahdara Branch 08/09/2022 175.00 920 CHI A-993216 175.00 Children Books

© Delhi Public Library
Hit Counter
free hit counter